[Event "Girls U20 Polish Youth Championship"]
[Site "Ustron"]
[Date "2019.11.26"]
[Round "5"]
[White "Dwilewicz, Katarzyna"]
[Black "Cieslak, Wiktoria"]
[Result "1/2-1/2"]
[Board "1"]
[WhiteElo "2100"]
[WhiteTitle "WFM"]
[WhiteCountry "POL"]
[WhiteFideId "1148486"]
[WhiteEloChange "-2"]
[BlackElo "2039"]
[BlackCountry "POL"]
[BlackFideId "1160036"]
[BlackEloChange "2"]

1. e4 {[%clk 1:30:57]} c5 {[%clk 1:30:55]} 2. Nf3 {[%clk 1:31:18]} a6 {[%clk
1:31:22]} 3. c3 {[%clk 1:31:09]} e6 {[%clk 1:31:48]} 4. d4 {[%clk 1:31:27]} d5
{[%clk 1:32:13]} 5. e5 {[%clk 1:27:07]} cxd4 {[%clk 1:32:08]} 6. cxd4 {[%clk
1:27:18]} Bd7 {[%clk 1:32:32]} 7. Nc3 {[%clk 1:25:24]} Bb4 {[%clk 1:28:45]} 8. a3
{[%clk 1:20:26]} Bxc3+ {[%clk 1:25:04]} 9. bxc3 {[%clk 1:20:32]} Qc7 {[%clk
1:24:35]} 10. Bd2 {[%clk 1:18:12]} Ne7 {[%clk 1:22:55]} 11. Bd3 {[%clk 1:18:23]}
Bb5 {[%clk 1:21:23]} 12. Bxb5+ {[%clk 1:13:13]} axb5 {[%clk 1:21:46]} 13. O-O
{[%clk 1:11:03]} Qc6 {[%clk 1:21:15]} 14. Ne1 {[%clk 1:10:21]} Na6 {[%clk
1:19:39]} 15. Nd3 {[%clk 1:07:13]} O-O {[%clk 1:17:22]} 16. f4 {[%clk 1:04:39]}
f5 {[%clk 1:14:59]} 17. Qh5 {[%clk 0:56:01]} Qe8 {[%clk 1:13:09]} 18. Qxe8 {[%clk
0:46:53]} Rfxe8 {[%clk 1:13:26]} 19. Rfb1 {[%clk 0:44:06]} Nc7 {[%clk 1:12:33]}
20. Nc5 {[%clk 0:34:58]} Ra7 {[%clk 1:11:04]} 21. Ra2 {[%clk 0:32:18]} b6 {[%clk
1:10:27]} 22. Nd3 {[%clk 0:32:32]} Rea8 {[%clk 1:09:12]} 23. Rba1 {[%clk
0:31:44]} Nc6 {[%clk 1:09:31]} 24. Bc1 {[%clk 0:24:48]} Na5 {[%clk 1:08:18]} 25.
Rb1 {[%clk 0:25:07]} Nc4 {[%clk 1:06:55]} 26. Rb3 {[%clk 0:23:07]} Na5 {[%clk
1:03:28]} 27. Rb1 {[%clk 0:21:18]} Nc4 {[%clk 1:03:50]} 28. Rb3 {[%clk 0:19:06]}
Na5 {[%clk 1:04:15]} 29. Rb1 {[%clk 0:18:38]} Nc4 {[%clk 1:04:14]} 30. Rb3 {[%clk
0:18:51]} Na5 {[%clk 1:04:20]} 1/2-1/2

[Event "Girls U20 Polish Youth Championship"]
[Site "Ustron"]
[Date "2019.11.26"]
[Round "5"]
[White "Kubicka, Anna"]
[Black "Goraj, Barbara"]
[Result "1-0"]
[Board "2"]
[WhiteElo "2221"]
[WhiteTitle "WIM"]
[WhiteCountry "POL"]
[WhiteFideId "1152254"]
[WhiteEloChange "5"]
[BlackElo "2044"]
[BlackTitle "WCM"]
[BlackCountry "POL"]
[BlackFideId "21816166"]
[BlackEloChange "-5"]

1. Nf3 {[%clk 1:30:51]} Nf6 {[%clk 1:30:31]} 2. d4 {[%clk 1:31:10]} g6 {[%clk
1:30:45]} 3. c4 {[%clk 1:31:35]} Bg7 {[%clk 1:31:03]} 4. g3 {[%clk 1:32:00]} O-O
{[%clk 1:31:08]} 5. Bg2 {[%clk 1:32:19]} d6 {[%clk 1:31:14]} 6. O-O {[%clk
1:32:43]} Nc6 {[%clk 1:30:48]} 7. Nc3 {[%clk 1:33:08]} Bg4 {[%clk 1:30:41]} 8. h3
{[%clk 1:33:33]} Bxf3 {[%clk 1:31:05]} 9. Bxf3 {[%clk 1:33:59]} Nd7 {[%clk
1:31:21]} 10. e3 {[%clk 1:34:24]} e5 {[%clk 1:31:43]} 11. dxe5 {[%clk 1:34:49]}
Ndxe5 {[%clk 1:30:14]} 12. Be2 {[%clk 1:35:13]} Qd7 {[%clk 1:24:07]} 13. f4
{[%clk 1:35:22]} Qxh3 {[%clk 1:21:46]} 14. Rf2 {[%clk 1:35:48]} Qxg3+ {[%clk
0:50:16]} 15. Rg2 {[%clk 1:36:15]} Qh3 {[%clk 0:44:50]} 16. fxe5 {[%clk 1:36:40]}
Nxe5 {[%clk 0:44:04]} 17. Nd5 {[%clk 1:37:02]} c6 {[%clk 0:38:35]} 18. Nf4 {[%clk
1:37:24]} Qh4 {[%clk 0:38:11]} 19. Bd2 {[%clk 1:37:32]} Rad8 {[%clk 0:36:19]} 20.
Be1 {[%clk 1:37:26]} Qe7 {[%clk 0:36:06]} 21. Bf2 {[%clk 1:36:14]} Nd7 {[%clk
0:32:08]} 22. Qf1 {[%clk 1:21:56]} Nc5 {[%clk 0:29:51]} 23. Rh2 {[%clk 1:17:09]}
Ne4 {[%clk 0:28:39]} 24. Qh3 {[%clk 1:15:15]} h6 {[%clk 0:28:14]} 25. Rf1 {[%clk
1:08:20]} Rde8 {[%clk 0:25:54]} 26. Bd3 {[%clk 0:54:29]} Nxf2 {[%clk 0:19:44]}
27. Kxf2 {[%clk 0:54:42]} Qe5 {[%clk 0:16:12]} 28. b3 {[%clk 0:51:03]} Qc3 {[%clk
0:15:39]} 29. Kg2 {[%clk 0:41:00]} Qd2+ {[%clk 0:11:57]} 30. Kh1 {[%clk 0:40:59]}
Qxe3 {[%clk 0:10:56]} 31. Qg4 {[%clk 0:35:26]} Re5 {[%clk 0:08:57]} 32. Rh3
{[%clk 0:34:12]} Qd4 {[%clk 0:06:47]} 33. Qf3 {[%clk 0:33:31]} Rg5 {[%clk
0:05:35]} 34. Rh2 {[%clk 0:31:04]} Re5 {[%clk 0:04:38]} 35. Ng2 {[%clk 0:22:11]}
a5 {[%clk 0:02:44]} 36. Rh4 {[%clk 0:22:15]} Qb2 {[%clk 0:02:23]} 37. Ne3 {[%clk
0:18:23]} Qd2 {[%clk 0:00:59]} 38. Ng4 {[%clk 0:18:37]} Re1 {[%clk 0:00:49]} 39.
Rh2 {[%clk 0:15:02]} Rxf1+ {[%clk 0:00:43]} 40. Qxf1 {[%clk 0:43:53]} Qg5 {[%clk
0:30:49]} 41. Nf2 {[%clk 0:42:45]} Be5 {[%clk 0:24:34]} 42. Rh3 {[%clk 0:37:57]}
Qf4 {[%clk 0:19:58]} 43. Qe2 {[%clk 0:37:46]} Kg7 {[%clk 0:14:36]} 44. Ng4 {[%clk
0:33:54]} Qc1+ {[%clk 0:13:35]} 45. Kg2 {[%clk 0:32:59]} h5 {[%clk 0:06:44]} 46.
Ne3 {[%clk 0:25:41]} Bf4 {[%clk 0:03:57]} 47. Rf3 {[%clk 0:22:40]} Be5 {[%clk
0:00:33]} 48. Bc2 {[%clk 0:22:17]} Qa1 {[%clk 0:00:36]} 49. Qf2 {[%clk 0:17:43]}
f6 {[%clk 0:00:34]} 50. Rg3 {[%clk 0:10:08]} g5 {[%clk 0:00:31]} 51. Qf5 {[%clk
0:09:57]} Rf7 {[%clk 0:00:33]} 52. Qh7+ {[%clk 0:08:43]} Kf8 {[%clk 0:00:58]} 53.
Qh8+ {[%clk 0:09:09]} Ke7 {[%clk 0:01:24]} 54. Nf5+ {[%clk 0:08:55]} Kd7 {[%clk
0:01:49]} 55. Qg8 {[%clk 0:07:57]} Qe1 {[%clk 0:00:35]} 56. Qxf7+ {[%clk
0:08:10]} Kd8 {[%clk 0:00:32]} 57. Qe7+ {[%clk 0:08:29]} 1-0

[Event "Girls U20 Polish Youth Championship"]
[Site "Ustron"]
[Date "2019.11.26"]
[Round "5"]
[White "Antolak, Julia"]
[Black "Kiolbasa, Oliwia"]
[Result "1-0"]
[Board "3"]
[WhiteElo "2249"]
[WhiteTitle "WIM"]
[WhiteCountry "POL"]
[WhiteFideId "1159569"]
[WhiteEloChange "9"]
[BlackElo "2208"]
[BlackTitle "WIM"]
[BlackCountry "POL"]
[BlackFideId "1154613"]
[BlackEloChange "-9"]

1. e4 {[%clk 1:30:58]} e5 {[%clk 1:30:49]} 2. Nf3 {[%clk 1:31:23]} Nc6 {[%clk
1:31:05]} 3. Bb5 {[%clk 1:31:38]} a6 {[%clk 1:31:21]} 4. Ba4 {[%clk 1:32:03]} Nf6
{[%clk 1:31:34]} 5. O-O {[%clk 1:32:19]} Nxe4 {[%clk 1:31:47]} 6. d4 {[%clk
1:31:18]} b5 {[%clk 1:32:06]} 7. Bb3 {[%clk 1:31:43]} d5 {[%clk 1:32:26]} 8. dxe5
{[%clk 1:31:58]} Be6 {[%clk 1:32:45]} 9. c3 {[%clk 1:30:27]} Be7 {[%clk 1:32:49]}
10. Be3 {[%clk 1:25:39]} O-O {[%clk 1:32:18]} 11. h3 {[%clk 1:23:50]} f6 {[%clk
1:10:17]} 12. exf6 {[%clk 1:22:30]} Bxf6 {[%clk 1:10:38]} 13. Nbd2 {[%clk
1:17:08]} Nxd2 {[%clk 1:06:49]} 14. Nxd2 {[%clk 1:11:30]} Bf7 {[%clk 0:53:13]}
15. Re1 {[%clk 0:55:30]} Qd6 {[%clk 0:42:05]} 16. Qf3 {[%clk 0:50:43]} Ne5 {[%clk
0:36:48]} 17. Qg3 {[%clk 0:45:57]} Nd3 {[%clk 0:32:53]} 18. Qxd6 {[%clk 0:44:15]}
cxd6 {[%clk 0:33:22]} 19. Reb1 {[%clk 0:43:34]} b4 {[%clk 0:25:01]} 20. Bd4
{[%clk 0:39:38]} Bxd4 {[%clk 0:19:41]} 21. cxd4 {[%clk 0:40:03]} a5 {[%clk
0:19:55]} 22. Bc2 {[%clk 0:32:26]} Nxf2 {[%clk 0:16:03]} 23. Rf1 {[%clk 0:30:44]}
Ne4 {[%clk 0:16:20]} 24. Nxe4 {[%clk 0:29:57]} dxe4 {[%clk 0:16:35]} 25. Bxe4
{[%clk 0:30:21]} Rae8 {[%clk 0:13:15]} 26. Bf3 {[%clk 0:29:14]} Rc8 {[%clk
0:11:38]} 27. Rfc1 {[%clk 0:28:00]} Rxc1+ {[%clk 0:04:48]} 28. Rxc1 {[%clk
0:28:26]} Bxa2 {[%clk 0:05:11]} 29. Rc6 {[%clk 0:27:45]} Re8 {[%clk 0:04:20]} 30.
Kf2 {[%clk 0:26:06]} Rd8 {[%clk 0:02:50]} 31. Ra6 {[%clk 0:19:33]} d5 {[%clk
0:01:16]} 32. Rxa5 {[%clk 0:19:04]} Bc4 {[%clk 0:01:37]} 33. Ra7 {[%clk 0:18:49]}
Rb8 {[%clk 0:01:10]} 34. Ke3 {[%clk 0:17:32]} Kf8 {[%clk 0:00:42]} 35. Kd2 {[%clk
0:15:30]} b3 {[%clk 0:00:46]} 36. Rc7 {[%clk 0:13:46]} Rb5 {[%clk 0:00:36]} 37.
Kc3 {[%clk 0:12:57]} Ra5 {[%clk 0:00:56]} 38. Rc5 {[%clk 0:11:51]} Ra1 {[%clk
0:00:34]} 39. Bxd5 {[%clk 0:11:56]} Bf1 {[%clk 0:00:55]} 40. Kxb3 {[%clk
0:39:45]} Rd1 {[%clk 0:31:17]} 41. Rc7 {[%clk 0:29:06]} Rxd4 {[%clk 0:29:26]} 42.
Rf7+ {[%clk 0:29:27]} Ke8 {[%clk 0:29:51]} 43. Rxf1 {[%clk 0:29:52]} Rxd5 {[%clk
0:30:17]} 44. Rf2 {[%clk 0:29:36]} Ke7 {[%clk 0:29:50]} 45. Kc4 {[%clk 0:29:48]}
Rd1 {[%clk 0:29:40]} 46. b4 {[%clk 0:29:29]} g5 {[%clk 0:27:33]} 47. Kc5 {[%clk
0:28:31]} 1-0

[Event "Girls U20 Polish Youth Championship"]
[Site "Ustron"]
[Date "2019.11.26"]
[Round "5"]
[White "Kulpa, Zuzanna"]
[Black "Dylag, Emilia"]
[Result "1-0"]
[Board "4"]
[WhiteElo "1878"]
[WhiteCountry "POL"]
[WhiteFideId "1195093"]
[WhiteEloChange "14"]
[BlackElo "2046"]
[BlackCountry "POL"]
[BlackFideId "21805172"]
[BlackEloChange "-14"]

1. d4 {[%clk 1:30:59]} c5 {[%clk 1:30:45]} 2. d5 {[%clk 1:31:21]} d6 {[%clk
1:31:02]} 3. c4 {[%clk 1:31:27]} g6 {[%clk 1:31:20]} 4. Nc3 {[%clk 1:31:29]} Bg7
{[%clk 1:31:37]} 5. e4 {[%clk 1:31:35]} e6 {[%clk 1:31:39]} 6. f3 {[%clk
1:30:12]} Ne7 {[%clk 1:31:14]} 7. Bg5 {[%clk 1:27:55]} h6 {[%clk 1:27:36]} 8. Be3
{[%clk 1:26:14]} O-O {[%clk 1:25:12]} 9. Qd2 {[%clk 1:21:33]} Kh7 {[%clk
1:24:25]} 10. dxe6 {[%clk 1:20:43]} Bxe6 {[%clk 1:23:42]} 11. O-O-O {[%clk
1:20:47]} Nbc6 {[%clk 1:13:48]} 12. Nd5 {[%clk 1:13:48]} Bxd5 {[%clk 1:09:00]}
13. cxd5 {[%clk 1:13:54]} Nd4 {[%clk 1:07:12]} 14. Ne2 {[%clk 1:12:56]} Nxe2+
{[%clk 1:05:02]} 15. Bxe2 {[%clk 1:13:17]} b5 {[%clk 1:01:46]} 16. h4 {[%clk
1:10:55]} Nc8 {[%clk 0:58:14]} 17. g4 {[%clk 1:07:22]} Nb6 {[%clk 0:53:12]} 18.
h5 {[%clk 1:03:32]} g5 {[%clk 0:52:21]} 19. Qc2 {[%clk 0:55:10]} Be5 {[%clk
0:45:15]} 20. Bxb5 {[%clk 0:51:51]} Rb8 {[%clk 0:43:24]} 21. b3 {[%clk 0:49:38]}
Qf6 {[%clk 0:40:16]} 22. Rhf1 {[%clk 0:46:55]} Rfc8 {[%clk 0:32:20]} 23. f4
{[%clk 0:39:31]} gxf4 {[%clk 0:31:31]} 24. Rxf4 {[%clk 0:38:37]} Qg7 {[%clk
0:29:47]} 25. Rf5 {[%clk 0:34:11]} c4 {[%clk 0:22:54]} 26. Bc6 {[%clk 0:33:55]}
cxb3 {[%clk 0:22:19]} 27. axb3 {[%clk 0:34:20]} f6 {[%clk 0:22:10]} 28. Rdf1
{[%clk 0:33:10]} Rc7 {[%clk 0:21:07]} 29. Rxf6 {[%clk 0:30:54]} Bxf6 {[%clk
0:11:26]} 30. Rxf6 {[%clk 0:29:55]} Qxf6 {[%clk 0:10:40]} 31. e5+ {[%clk
0:30:19]} Kh8 {[%clk 0:10:41]} 32. exf6 {[%clk 0:30:41]} Nxd5 {[%clk 0:10:59]}
33. Bd4 {[%clk 0:29:01]} 1-0

[Event "Girls U20 Polish Youth Championship"]
[Site "Ustron"]
[Date "2019.11.26"]
[Round "5"]
[White "Adamczyk, Zuzanna"]
[Black "Mirowska, Oliwia"]
[Result "1/2-1/2"]
[Board "5"]
[WhiteElo "1992"]
[WhiteCountry "POL"]
[WhiteFideId "1187570"]
[WhiteEloChange "-2"]
[BlackElo "1925"]
[BlackCountry "POL"]
[BlackFideId "21807574"]
[BlackEloChange "2"]

1. e4 {[%clk 1:30:52]} c5 {[%clk 1:30:44]} 2. Nf3 {[%clk 1:30:53]} Nc6 {[%clk
1:30:56]} 3. d4 {[%clk 1:30:51]} cxd4 {[%clk 1:31:07]} 4. Nxd4 {[%clk 1:30:52]}
d5 {[%clk 1:31:06]} 5. Bb5 {[%clk 1:24:12]} dxe4 {[%clk 1:28:15]} 6. Nxc6 {[%clk
1:18:07]} Qxd1+ {[%clk 1:27:34]} 7. Kxd1 {[%clk 1:17:48]} a6 {[%clk 1:26:04]} 8.
Ba4 {[%clk 1:01:45]} Bd7 {[%clk 1:26:22]} 9. Nc3 {[%clk 1:01:34]} Bxc6 {[%clk
1:26:43]} 10. Bxc6+ {[%clk 1:00:58]} bxc6 {[%clk 1:27:11]} 11. Nxe4 {[%clk
1:01:15]} e5 {[%clk 1:27:23]} 12. Re1 {[%clk 0:58:45]} f6 {[%clk 1:19:51]} 13. f4
{[%clk 0:55:06]} O-O-O+ {[%clk 1:19:04]} 14. Ke2 {[%clk 0:53:08]} Rd4 {[%clk
1:13:45]} 15. Kf1 {[%clk 0:47:28]} exf4 {[%clk 1:07:48]} 16. c3 {[%clk 0:44:58]}
Rd5 {[%clk 1:07:18]} 17. Bxf4 {[%clk 0:41:33]} Rf5 {[%clk 1:05:02]} 18. Nf2
{[%clk 0:41:49]} Bc5 {[%clk 0:58:10]} 19. Be3 {[%clk 0:39:53]} Bxe3 {[%clk
0:57:33]} 20. Rxe3 {[%clk 0:40:03]} Nh6 {[%clk 0:57:54]} 21. h3 {[%clk 0:36:38]}
Rd8 {[%clk 0:57:17]} 22. Rae1 {[%clk 0:32:09]} Rf4 {[%clk 0:55:11]} 23. Re4
{[%clk 0:25:25]} Rxe4 {[%clk 0:52:22]} 24. Nxe4 {[%clk 0:23:57]} Nf5 {[%clk
0:49:23]} 25. Kf2 {[%clk 0:19:10]} Kc7 {[%clk 0:43:32]} 26. Nc5 {[%clk 0:13:35]}
Kb6 {[%clk 0:42:00]} 27. b4 {[%clk 0:11:54]} Rd2+ {[%clk 0:40:23]} 28. Re2 {[%clk
0:11:06]} Rxe2+ {[%clk 0:40:36]} 29. Kxe2 {[%clk 0:11:30]} a5 {[%clk 0:39:11]}
30. a4 {[%clk 0:10:56]} Ne7 {[%clk 0:35:57]} 31. Nd7+ {[%clk 0:07:25]} Kc7 {[%clk
0:35:37]} 1/2-1/2

[Event "Girls U20 Polish Youth Championship"]
[Site "Ustron"]
[Date "2019.11.26"]
[Round "5"]
[White "Malicka, Maria"]
[Black "Hertlein, Irena"]
[Result "1/2-1/2"]
[Board "6"]
[WhiteElo "2104"]
[WhiteTitle "WCM"]
[WhiteCountry "POL"]
[WhiteFideId "1197576"]
[WhiteEloChange "-7"]
[BlackElo "1771"]
[BlackCountry "POL"]
[BlackFideId "21817618"]
[BlackEloChange "7"]

1. e4 {[%clk 1:30:58]} c5 {[%clk 1:30:54]} 2. Nf3 {[%clk 1:31:23]} Nc6 {[%clk
1:31:18]} 3. d4 {[%clk 1:31:48]} cxd4 {[%clk 1:31:43]} 4. Nxd4 {[%clk 1:32:14]}
g6 {[%clk 1:31:58]} 5. c4 {[%clk 1:32:39]} Bg7 {[%clk 1:32:21]} 6. Be3 {[%clk
1:33:03]} Nf6 {[%clk 1:32:45]} 7. Nc3 {[%clk 1:33:26]} O-O {[%clk 1:33:06]} 8.
Be2 {[%clk 1:33:50]} d6 {[%clk 1:33:29]} 9. O-O {[%clk 1:34:13]} Bd7 {[%clk
1:33:51]} 10. Nc2 {[%clk 1:34:30]} a5 {[%clk 1:32:51]} 11. f3 {[%clk 1:31:40]}
Ne5 {[%clk 1:26:04]} 12. Qd2 {[%clk 1:29:03]} Be6 {[%clk 1:25:35]} 13. Na3 {[%clk
1:25:09]} Ned7 {[%clk 1:12:50]} 14. Rad1 {[%clk 1:12:33]} a4 {[%clk 1:09:47]} 15.
Nab5 {[%clk 1:02:59]} Qa5 {[%clk 0:54:17]} 16. Nd5 {[%clk 0:59:01]} Bxd5 {[%clk
0:54:04]} 17. Qxa5 {[%clk 0:59:17]} Rxa5 {[%clk 0:54:33]} 18. cxd5 {[%clk
0:59:29]} Rc8 {[%clk 0:50:24]} 19. Rc1 {[%clk 0:59:19]} Nc5 {[%clk 0:50:05]} 20.
Rc2 {[%clk 0:56:43]} b6 {[%clk 0:38:15]} 21. Rfc1 {[%clk 0:54:42]} Rf8 {[%clk
0:37:52]} 22. Bd4 {[%clk 0:38:32]} Nfd7 {[%clk 0:33:30]} 23. Kf2 {[%clk 0:37:14]}
Ne5 {[%clk 0:22:29]} 24. Rd1 {[%clk 0:35:23]} Ned3+ {[%clk 0:14:37]} 25. Bxd3
{[%clk 0:31:11]} Nxd3+ {[%clk 0:14:53]} 26. Rxd3 {[%clk 0:31:33]} Rxb5 {[%clk
0:15:18]} 27. Ke3 {[%clk 0:29:22]} Bxd4+ {[%clk 0:10:30]} 28. Rxd4 {[%clk
0:26:39]} Ra8 {[%clk 0:10:52]} 29. Rdc4 {[%clk 0:25:33]} Rc5 {[%clk 0:11:05]} 30.
Kd4 {[%clk 0:22:36]} Kg7 {[%clk 0:10:00]} 31. f4 {[%clk 0:16:40]} e6 {[%clk
0:05:52]} 32. dxe6 {[%clk 0:12:10]} fxe6 {[%clk 0:06:20]} 33. Rd2 {[%clk
0:07:45]} Kf7 {[%clk 0:00:53]} 34. b4 {[%clk 0:06:29]} axb3 {[%clk 0:00:52]} 35.
axb3 {[%clk 0:06:58]} Ke7 {[%clk 0:00:36]} 36. Rdc2 {[%clk 0:04:18]} Ra3 {[%clk
0:00:42]} 37. Rxc5 {[%clk 0:03:37]} bxc5+ {[%clk 0:00:40]} 38. Kc4 {[%clk
0:04:06]} Kf6 {[%clk 0:00:35]} 39. Rd2 {[%clk 0:03:29]} Ke7 {[%clk 0:00:44]} 40.
e5 {[%clk 0:31:42]} d5+ {[%clk 0:30:52]} 41. Kxc5 {[%clk 0:32:08]} Rxb3 {[%clk
0:31:15]} 42. Ra2 {[%clk 0:31:54]} Rc3+ {[%clk 0:30:18]} 43. Kd4 {[%clk 0:32:16]}
Rc7 {[%clk 0:29:40]} 44. g4 {[%clk 0:31:54]} Rc4+ {[%clk 0:21:15]} 45. Ke3 {[%clk
0:32:18]} Rc3+ {[%clk 0:21:30]} 46. Kf2 {[%clk 0:31:34]} Rc7 {[%clk 0:18:37]} 47.
h3 {[%clk 0:19:01]} h6 {[%clk 0:15:01]} 48. Ra3 {[%clk 0:15:29]} Kd7 {[%clk
0:13:15]} 49. Ke3 {[%clk 0:14:39]} Ke7 {[%clk 0:13:09]} 50. f5 {[%clk 0:13:34]}
gxf5 {[%clk 0:11:17]} 51. gxf5 {[%clk 0:14:03]} exf5 {[%clk 0:08:34]} 52. Kf4
{[%clk 0:14:26]} d4 {[%clk 0:08:15]} 53. Kxf5 {[%clk 0:14:14]} Rd7 {[%clk
0:06:36]} 54. Ke4 {[%clk 0:12:56]} h5 {[%clk 0:00:46]} 55. Rd3 {[%clk 0:08:21]}
Ra7 {[%clk 0:00:47]} 56. Rxd4 {[%clk 0:08:04]} Ra3 {[%clk 0:00:48]} 57. Rd3
{[%clk 0:05:58]} Ra1 {[%clk 0:00:43]} 58. Kf4 {[%clk 0:04:25]} Ke6 {[%clk
0:00:35]} 59. Rd6+ {[%clk 0:04:40]} Ke7 {[%clk 0:01:00]} 60. Rh6 {[%clk 0:04:29]}
Rf1+ {[%clk 0:01:16]} 61. Ke4 {[%clk 0:03:54]} Re1+ {[%clk 0:01:18]} 62. Kf5
{[%clk 0:04:23]} Rf1+ {[%clk 0:01:38]} 63. Kg6 {[%clk 0:04:35]} Ke6 {[%clk
0:00:53]} 64. Rxh5 {[%clk 0:04:48]} Rg1+ {[%clk 0:01:20]} 65. Kh6 {[%clk
0:04:07]} Rg3 {[%clk 0:01:36]} 66. h4 {[%clk 0:04:13]} Rg4 {[%clk 0:01:23]} 67.
Kh7 {[%clk 0:04:20]} Kd5 {[%clk 0:01:27]} 68. Rh6 {[%clk 0:03:39]} Kxe5 {[%clk
0:01:49]} 69. h5 {[%clk 0:04:04]} Rg5 {[%clk 0:01:13]} 70. Kh8 {[%clk 0:04:06]}
Kf5 {[%clk 0:01:25]} 71. Rh7 {[%clk 0:03:58]} Kf6 {[%clk 0:00:36]} 72. h6 {[%clk
0:04:02]} Rg6 {[%clk 0:00:50]} 73. Ra7 {[%clk 0:04:23]} 1/2-1/2

[Event "Girls U20 Polish Youth Championship"]
[Site "Ustron"]
[Date "2019.11.26"]
[Round "5"]
[White "Siekanska, Maria"]
[Black "Szczotka, Klara"]
[Result "0-1"]
[Board "7"]
[WhiteElo "1773"]
[WhiteCountry "POL"]
[WhiteFideId "21852650"]
[WhiteEloChange "-10"]
[BlackElo "1781"]
[BlackCountry "POL"]
[BlackFideId "21858845"]
[BlackEloChange "10"]

1. d4 {[%clk 1:30:30]} Nf6 {[%clk 1:30:49]} 2. c4 {[%clk 1:30:49]} e6 {[%clk
1:31:09]} 3. Nc3 {[%clk 1:31:09]} Bb4 {[%clk 1:31:29]} 4. e3 {[%clk 1:31:29]} O-O
{[%clk 1:31:29]} 5. Bd3 {[%clk 1:31:49]} b6 {[%clk 1:31:38]} 6. e4 {[%clk
1:31:17]} Bb7 {[%clk 1:32:03]} 7. Qc2 {[%clk 1:31:22]} c5 {[%clk 1:30:05]} 8. d5
{[%clk 1:31:11]} exd5 {[%clk 1:30:20]} 9. cxd5 {[%clk 1:31:26]} Re8 {[%clk
1:30:25]} 10. Ne2 {[%clk 1:31:30]} c4 {[%clk 1:26:35]} 11. Bxc4 {[%clk 1:30:03]}
Nxe4 {[%clk 1:26:55]} 12. O-O {[%clk 1:29:12]} Nf6 {[%clk 1:25:12]} 13. Rd1
{[%clk 1:21:12]} a6 {[%clk 1:13:39]} 14. Bg5 {[%clk 1:16:57]} h6 {[%clk 1:09:49]}
15. Bh4 {[%clk 1:15:35]} b5 {[%clk 1:09:18]} 16. Bd3 {[%clk 1:12:51]} Qb6 {[%clk
1:08:26]} 17. Rac1 {[%clk 0:56:01]} Be7 {[%clk 1:01:27]} 18. d6 {[%clk 0:42:55]}
Bd8 {[%clk 0:46:09]} 19. Qd2 {[%clk 0:33:59]} Qc6 {[%clk 0:35:20]} 20. f3 {[%clk
0:27:35]} Bb6+ {[%clk 0:31:50]} 21. Kf1 {[%clk 0:27:40]} Be3 {[%clk 0:24:31]} 22.
Qc2 {[%clk 0:27:14]} Bxc1 {[%clk 0:24:25]} 23. Qxc1 {[%clk 0:26:27]} Nh7 {[%clk
0:16:14]} 24. Be4 {[%clk 0:25:05]} Qc8 {[%clk 0:15:38]} 25. Bxb7 {[%clk 0:24:59]}
Qxb7 {[%clk 0:16:02]} 26. Nd5 {[%clk 0:24:48]} Nc6 {[%clk 0:14:45]} 27. Nc7
{[%clk 0:24:43]} Rac8 {[%clk 0:14:04]} 28. Nxe8 {[%clk 0:24:27]} Rxe8 {[%clk
0:14:04]} 29. Nc3 {[%clk 0:21:58]} Ne5 {[%clk 0:09:27]} 30. Nd5 {[%clk 0:20:25]}
Nc6 {[%clk 0:08:20]} 31. Re1 {[%clk 0:18:22]} Rb8 {[%clk 0:04:41]} 32. Re4 {[%clk
0:12:13]} Nf8 {[%clk 0:04:24]} 33. Qe3 {[%clk 0:11:01]} Ne6 {[%clk 0:04:18]} 34.
f4 {[%clk 0:10:34]} b4 {[%clk 0:03:57]} 35. Kg1 {[%clk 0:09:21]} Qb5 {[%clk
0:03:31]} 36. Nc7 {[%clk 0:09:15]} Qa5 {[%clk 0:01:26]} 37. Nxe6 {[%clk 0:07:01]}
fxe6 {[%clk 0:01:41]} 38. Qg3 {[%clk 0:04:30]} Qf5 {[%clk 0:01:19]} 39. Qf3
{[%clk 0:03:33]} Qc5+ {[%clk 0:01:29]} 40. Qf2 {[%clk 0:03:27]} Qxd6 {[%clk
0:00:57]} 41. Bg3 Rf8 42. Qc2 Qd5 43. Re1 Qb5 44. Qd2 Ne7 45. Rd1 Nd5 46. Qd4 Rc8
47. f5 Qc5 48. Qxc5 Rxc5 49. fxe6 dxe6 50. Bd6 Rc6 51. Be5 Rc2 52. Rd3 a5 53. Rg3
g5 54. h4 Re2 55. Bd4 Re4 56. hxg5 Rxd4 57. gxh6+ Kh7 58. a3 Kxh6 59. axb4 Rxb4
60. b3 Kh5 61. Kf2 Rg4 62. Rd3 Rxg2+ 0-1

[Event "Girls U20 Polish Youth Championship"]
[Site "Ustron"]
[Date "2019.11.26"]
[Round "5"]
[White "Pawicka, Magdalena"]
[Black "Stochnialek, Dominika"]
[Result "1/2-1/2"]
[Board "8"]
[WhiteElo "1745"]
[WhiteCountry "POL"]
[WhiteFideId "21836507"]
[WhiteEloChange "1"]
[BlackElo "1768"]
[BlackCountry "POL"]
[BlackFideId "1165402"]
[BlackEloChange "-1"]

1. e4 {[%clk 1:30:30]} c5 {[%clk 1:30:51]} 2. Nf3 {[%clk 1:31:20]} d6 {[%clk
1:31:16]} 3. d4 {[%clk 1:31:43]} cxd4 {[%clk 1:31:42]} 4. Nxd4 {[%clk 1:32:07]}
Nf6 {[%clk 1:32:08]} 5. Nc3 {[%clk 1:32:28]} g6 {[%clk 1:32:33]} 6. Be3 {[%clk
1:32:37]} Bg7 {[%clk 1:32:55]} 7. f3 {[%clk 1:32:54]} Nc6 {[%clk 1:33:17]} 8. Qd2
{[%clk 1:33:10]} O-O {[%clk 1:33:40]} 9. O-O-O {[%clk 1:33:27]} d5 {[%clk
1:34:05]} 10. Qe1 {[%clk 1:33:40]} e5 {[%clk 1:33:54]} 11. Nxc6 {[%clk 1:34:00]}
bxc6 {[%clk 1:34:19]} 12. exd5 {[%clk 1:34:01]} Nxd5 {[%clk 1:34:39]} 13. Bc4
{[%clk 1:33:34]} Be6 {[%clk 1:33:22]} 14. Ne4 {[%clk 1:32:56]} Qc7 {[%clk
1:01:48]} 15. Bc5 {[%clk 1:23:54]} Rfd8 {[%clk 0:58:56]} 16. Kb1 {[%clk 1:18:24]}
Nf4 {[%clk 0:48:56]} 17. Bxe6 {[%clk 1:15:57]} Rxd1+ {[%clk 0:36:34]} 18. Qxd1
{[%clk 1:16:21]} Nxe6 {[%clk 0:36:56]} 19. Qd6 {[%clk 1:08:53]} Qxd6 {[%clk
0:31:48]} 20. Bxd6 {[%clk 1:09:15]} Rd8 {[%clk 0:31:33]} 21. Be7 {[%clk 1:06:08]}
Rd7 {[%clk 0:20:37]} 22. Nf6+ {[%clk 1:04:27]} Bxf6 {[%clk 0:21:01]} 23. Bxf6
{[%clk 1:04:50]} Rd2 {[%clk 0:20:34]} 24. Rg1 {[%clk 1:02:03]} Re2 {[%clk
0:11:57]} 25. c4 {[%clk 0:57:36]} e4 {[%clk 0:03:11]} 26. fxe4 {[%clk 0:57:21]}
Rxe4 {[%clk 0:03:35]} 27. Rc1 {[%clk 0:55:56]} Re2 {[%clk 0:03:34]} 28. Rc2
{[%clk 0:56:11]} Re1+ {[%clk 0:03:59]} 29. Rc1 {[%clk 0:56:36]} Re2 {[%clk
0:04:27]} 30. Rc2 {[%clk 0:56:46]} Re1+ {[%clk 0:04:52]} 1/2-1/2